Riziko v projektovom manažmente

Postavenie rizika v projektovom manažmente. Plán rizík projektu. Identifikácia a kvalitatívne hodnotenie rizika. Kvantifikácia rizika. Odozva na rizikové udalosti. Monitorovanie a kontrola rizík.

Enregistré dans:
Détails bibliographiques
Auteur principal: Novák, Rastislav
Format: Chapitre de livre
Langue:slovaque
Sujets:
Tags: Ajouter un tag
Pas de tags, Soyez le premier à ajouter un tag!

MARC

LEADER 00000naa$a2200000$$$4500
001 0070620
005 20221207084056.1
041 0 |a slo 
044 |a SK 
245 1 0 |a Riziko v projektovom manažmente  |c Rastislav Novák 
520 |a Postavenie rizika v projektovom manažmente. Plán rizík projektu. Identifikácia a kvalitatívne hodnotenie rizika. Kvantifikácia rizika. Odozva na rizikové udalosti. Monitorovanie a kontrola rizík. 
610 2 0 |a risk management 
610 2 0 |a riadenie rizík 
610 2 0 |a riadenie projektové 
610 2 0 |a plánovanie strategické 
610 2 0 |a riziko 
100 1 |a Novák, Rastislav